Три века Сестрорецка (Запись № 10055994)

Подробности
000 -МАРКЕР
контрольное поле 01618nam0a2200325 4500
001 - ИДЕНТИФИКАТОР ЗАПИСИ
контрольное поле RU\NLR\BIBL_A\010478512
005 - ИДЕНТИФИКАТОР ВЕРСИИ
контрольное поле 20250614060109.0
035 ## - ДРУГИЕ СИСТЕМНЫЕ НОМЕРА
Идентификатор записи (NLR Aleph) 010478512
100 ## - ДАННЫЕ ОБЩЕЙ ОБРАБОТКИ
Данные общей обработки 20141017d2014 |||y0rusy50 ca
101 0# - ЯЗЫК РЕСУРСА
Язык текста, звукозаписи и т.д. русский
102 ## - СТРАНА ПУБЛИКАЦИИ ИЛИ ПРОИЗВОДСТВА
Страна публикации Российская Федерация
105 ## - ПОЛЕ КОДИРОВАННЫХ ДАННЫХ: ТЕКСТОВЫЕ МАТЕРИАЛЫ, МОНОГРАФИЧЕСКИЕ
Кодированные данные о монографическом текстовом документе ach|z|||000yy
200 1# - ЗАГЛАВИЕ И СВЕДЕНИЯ ОБ ОТВЕТСТВЕННОСТИ
Основное заглавие Три века Сестрорецка
Сведения, относящиеся к заглавию [юбилейное издание
Первые сведения об ответственности тексты: Ганусинец О.В., Деревянко М.М., Докиш Ю.М. и др.]
210 ## - ПУБЛИКАЦИЯ, РАСПРОСТРАНЕНИЕ И ДР.
Место издания, распространения и т.д. Сестрорецк
-- Санкт-Петербург
Имя издателя, распространителя и т. д. [б. и.]
Дата издания, распространения и т.д. 2014
215 ## - ФИЗИЧЕСКАЯ ХАРАКТЕРИСТИКА
Специфическое обозначение материала и объем 141, [10] с.
Другие сведения о физической характеристике ил., цв. ил., портр., факс.
Размеры 31
320 ## - ПРИМЕЧАНИЯ О НАЛИЧИИ В ДОКУМЕНТЕ БИБЛИОГРАФИИ / УКАЗАТЕЛЯ
Текст примечания Библиогр. в конце текста
607 ## - ГЕОГРАФИЧЕСКОЕ НАИМЕНОВАНИЕ КАК ПРЕДМЕТ
Географическое наименование Сестрорецк, город (Санкт-Петербург, город)
Формальный подзаголовок Фотоальбомы
Тематический подзаголовок История
Системный номер авторитетной/нормативной записи 1624924
Идентификатор авторитетной/нормативной записи RU\NLR\AUTH\661015565
686 1# - ИНДЕКСЫ ДРУГИХ КЛАССИФИКАЦИЙ
Индекс Т3(2-2СПб99)я6
701 #1 - ИМЯ ЛИЦА - АЛЬТЕРНАТИВНАЯ ОТВЕТСТВЕННОСТЬ
Начальный элемент ввода Ганусинец
Часть имени, кроме начального элемента ввода О.В.
701 #1 - ИМЯ ЛИЦА - АЛЬТЕРНАТИВНАЯ ОТВЕТСТВЕННОСТЬ
Начальный элемент ввода Деревянко
Часть имени, кроме начального элемента ввода М.М.
701 #1 - ИМЯ ЛИЦА - АЛЬТЕРНАТИВНАЯ ОТВЕТСТВЕННОСТЬ
Начальный элемент ввода Докиш
Часть имени, кроме начального элемента ввода Ю.М.
942 ## - ДОПОЛНИТЕЛЬНЫЕ ЭЛЕМЕНТЫ ЗАПИСИ (АБИС)
Тип экземпляра АБИС Книга
980 ## - КОЛЛЕКЦИЯ
Название коллекции НБР
980 ## - КОЛЛЕКЦИЯ
Название коллекции Национальная библиография
981 43 - КОЛЛЕКЦИЯ ЭЛЕКТРОННОЙ БИБЛИОТЕКИ
Название коллекции Тематическая подборка Санкт-Петербург
Название подколлекции 02. Топография города
981 43 - КОЛЛЕКЦИЯ ЭЛЕКТРОННОЙ БИБЛИОТЕКИ
Название коллекции Тематическая подборка Санкт-Петербург
Название подколлекции 02.3. Пригороды и города в составе большого Петербурга
981 43 - КОЛЛЕКЦИЯ ЭЛЕКТРОННОЙ БИБЛИОТЕКИ
Название коллекции Тематическая подборка Санкт-Петербург
Название подколлекции
Экземпляры
Тип экземпляра Дата поступления Источник поступления Стоимость Библиотека постоянного хранения Библиотека текущего хранения Место хранения Шифр хранения Штрих-код Статус экземпляра Публичное примечание
Книга 17.10.2014 Дар 350.00 РНБ (Московский) РНБ (Московский) Русский книжный фонд: издания с 1957 года 2014-9/296 1-688741    
Книга 21.10.2014 Дар 350.00 РНБ (Московский) РНБ (Московский) Фонд общего зала социально-экономической литературы С1 Т3(2-2СПб9)/Т-670 1-686970   Y
Книга 21.10.2014 Дар 350.00 РНБ (Садовая) РНБ (Садовая) Универсальный читальный зал У Т3(2-2СПб)/Т-670 1-686971   Y
Книга 21.10.2014 Дар 350.00 РНБ (Фонтанка) РНБ (Фонтанка) Юношеский читальный зал Ю Т3(2=2СПб)Пр Сестрорецк/Т-67 1-892439